Machine Design Vol 2 (Record no. 833517)

MARC details
000 -LEADER
fixed length control field 00489nam a2200205Ia 4500
008 - FIXED-LENGTH DATA ELEMENTS--GENERAL INFORMATION
fixed length control field 110201s9999 xx 000 0 und d
082 ## - DEWEY DECIMAL CLASSIFICATION NUMBER
Item number B8021
Classification number A 24
100 ## - MAIN ENTRY--PERSONAL NAME
Personal name Patel R. C.
100 ## - MAIN ENTRY--PERSONAL NAME
Personal name Sikh S. S.
245 ## - TITLE STATEMENT
Title Machine Design Vol 2
260 ## - PUBLICATION, DISTRIBUTION, ETC. (IMPRINT)
Name of publisher, distributor, etc C Jamanadas and Co
365 ## - TRADE PRICE
Price amount 88
600 ## - SUBJECT ADDED ENTRY--PERSONAL NAME
Personal name Patel R. C.
600 ## - SUBJECT ADDED ENTRY--PERSONAL NAME
Personal name Sikh S. S.
630 ## - SUBJECT ADDED ENTRY--UNIFORM TITLE
Uniform title Machine Design Vol 2
700 ## - ADDED ENTRY--PERSONAL NAME
Personal name Patel R. C.
700 ## - ADDED ENTRY--PERSONAL NAME
Personal name Sikh S. S.
730 ## - ADDED ENTRY--UNIFORM TITLE
Uniform title Machine Design Vol 2
942 ## - ADDED ENTRY ELEMENTS (KOHA)
Koha item type Book
Holdings
Withdrawn status Lost status Damaged status Not for loan Home library Current library Date acquired Cost, normal purchase price Total Checkouts Barcode Date last seen Cost, replacement price Price effective from Koha item type
        Prof.Manikrao Kirtane Vachanalaya, Vashi, Navi Mumbai Prof.Manikrao Kirtane Vachanalaya, Vashi, Navi Mumbai 02/01/2011 88.00   PMKV-B8021 02/01/2011 88.00 02/01/2011 Book